Prénoms filles 2019 - Statistiques

Statistiques générales
  • Ce quiz a été pris 445 fois
    118 depuis la dernière actualisation
  • Le résultat moyen est 54 sur 100
Statistiques - réponses
Hint Première Lettre Prénoms % Correct
1 E Emma
94%
11 L Lou
92%
8 L Léa
87%
63 M Marie
86%
5 J Jade
83%
2 L Louise
83%
24 M Manon
83%
16 J Juliette
81%
7 A Anna
78%
9 C Chloé
78%
15 J Julia
78%
42 C Clara
74%
23 Z Zoé
74%
59 L Lisa
73%
22 L Lucie
72%
13 L Léna
70%
18 L Lola
69%
35 S Sarah
69%
4 A Alice
67%
36 R Romane
67%
6 R Rose
67%
19 E Eva
66%
27 J Jeanne
66%
10 L Lina
66%
46 C Camille
65%
17 A Ambre
64%
26 E Élise
64%
62 V Valentine
64%
73 V Victoria
63%
31 C Charlotte
62%
33 I Inès
62%
29 I Iris
60%
50 L Lise
60%
3 M Mia
60%
25 N Nina
60%
32 R Romy
60%
88 E Élisa
59%
53 L Lilou
59%
12 M Mila
59%
47 V Victoire
59%
56 H Héloïse
58%
30 L Louna
58%
39 M Margot
58%
49 L Lana
57%
28 M Margaux
57%
58 N Noémie
57%
38 L Luna
56%
55 L Lily
55%
66 M Mathilde
55%
40 O Olivia
55%
37 C Clémence
53%
14 E Elena
53%
75 E Éloïse
53%
79 M Maria
53%
68 Y Yasmine
53%
20 A Agathe
52%
86 A Alba
52%
65 G Gabrielle
52%
87 L Lila
52%
84 L Louane
51%
41 A Anaïs
50%
77 C Célia
49%
100 E Émilie
49%
45 E Emy
49%
90 M Maëlle
49%
21 A Adèle
48%
67 A Alicia
48%
57 E Elsa
48%
44 M Maëlys
47%
52 T Théa
47%
94 Z Zélie
45%
48 L Léana
44%
71 T Thaïs
44%
34 M Mya
43%
43 L Léonie
42%
80 L Lya
41%
97 C Charlie
40%
70 G Giulia
40%
60 M Mélina
40%
69 M Maya
38%
82 S Sofia
38%
85 A Alix
37%
54 A Amélia
37%
92 S Salomé
35%
72 A Aya
34%
95 E Élina
34%
74 R Roxane
34%
98 I Inaya
31%
99 E Emmy
30%
64 L Lyana
29%
83 L Lyna
29%
51 C Capucine
28%
96 E Éléonore
28%
81 S Soline
27%
89 C Constance
26%
61 A Apolline
24%
78 L Livia
24%
91 A Andréa
20%
93 A Assia
19%
76 C Candice
19%
Aucun quiz correspondant
Distribution des résultats
% des personnes avec chaque résultat
Percentile par nombre de réponses
Votre historique - résultats
Vous n’avez pas pris ce quiz depuis la dernière actualisation